<?xml version="1.0" encoding="UTF-8"?>
<record
    xmlns:xsi="http://www.w3.org/2001/XMLSchema-instance"
    xsi:schemaLocation="http://www.loc.gov/MARC21/slim http://www.loc.gov/standards/marcxml/schema/MARC21slim.xsd"
    xmlns="http://www.loc.gov/MARC21/slim">

  <leader>00987nam a22001937a 4500</leader>
  <controlfield tag="003">OSt</controlfield>
  <controlfield tag="005">20230619130638.0</controlfield>
  <controlfield tag="008">230619b           ||||| |||| 00| 0 eng d</controlfield>
  <datafield tag="020" ind1=" " ind2=" ">
    <subfield code="a">9780273713234</subfield>
  </datafield>
  <datafield tag="040" ind1=" " ind2=" ">
    <subfield code="c">wiuc</subfield>
  </datafield>
  <datafield tag="050" ind1=" " ind2=" ">
    <subfield code="a">HF5415.13.W66</subfield>
  </datafield>
  <datafield tag="100" ind1=" " ind2=" ">
    <subfield code="a">Wood, Marian Burk.</subfield>
    <subfield code="d">2007.</subfield>
    <subfield code="9">1704</subfield>
  </datafield>
  <datafield tag="110" ind1=" " ind2=" ">
    <subfield code="a">Marian Burk Wood.</subfield>
    <subfield code="9">1705</subfield>
  </datafield>
  <datafield tag="245" ind1=" " ind2=" ">
    <subfield code="a">Essential guide to marketing planning /</subfield>
    <subfield code="c">Marian Burk Wood.</subfield>
  </datafield>
  <datafield tag="300" ind1=" " ind2=" ">
    <subfield code="a">xvii,268p.:</subfield>
    <subfield code="b">ills.;</subfield>
    <subfield code="c">25cm.</subfield>
  </datafield>
  <datafield tag="500" ind1=" " ind2=" ">
    <subfield code="a">Contents: Introduction to marketing planning -- Analysing the current situation -- Analysing customers and markets -- Planning segmentation ,targeting and positioning -- Planning direction ,objectives and strategy -- planning for products and brands -- Planning for pricing -- Planning for channels and logistics -- Planning for integrated marketing communication -- Supporting the marketing mix -- Planning to measure performance -- Controlling marketing and implementation.</subfield>
  </datafield>
  <datafield tag="501" ind1=" " ind2=" ">
    <subfield code="a">Includes index.</subfield>
  </datafield>
  <datafield tag="942" ind1=" " ind2=" ">
    <subfield code="2">lcc</subfield>
    <subfield code="c">BK</subfield>
  </datafield>
  <datafield tag="999" ind1=" " ind2=" ">
    <subfield code="c">9739</subfield>
    <subfield code="d">17239</subfield>
  </datafield>
  <datafield tag="952" ind1=" " ind2=" ">
    <subfield code="0">0</subfield>
    <subfield code="1">0</subfield>
    <subfield code="2">lcc</subfield>
    <subfield code="4">0</subfield>
    <subfield code="7">0</subfield>
    <subfield code="a">WIUC-1</subfield>
    <subfield code="b">WIUC-1</subfield>
    <subfield code="c">GEN</subfield>
    <subfield code="d">2023-06-19</subfield>
    <subfield code="l">0</subfield>
    <subfield code="o">HF5415.13.W66</subfield>
    <subfield code="p">9327/028/23</subfield>
    <subfield code="r">2023-06-19 00:00:00</subfield>
    <subfield code="t">1</subfield>
    <subfield code="w">2023-06-19</subfield>
    <subfield code="y">BK</subfield>
  </datafield>
  <datafield tag="952" ind1=" " ind2=" ">
    <subfield code="0">0</subfield>
    <subfield code="1">0</subfield>
    <subfield code="2">lcc</subfield>
    <subfield code="4">0</subfield>
    <subfield code="7">0</subfield>
    <subfield code="a">WIUC-1</subfield>
    <subfield code="b">WIUC-1</subfield>
    <subfield code="c">GEN</subfield>
    <subfield code="d">2023-06-19</subfield>
    <subfield code="l">0</subfield>
    <subfield code="o">HF5415.13.W661</subfield>
    <subfield code="p">9328/029/23</subfield>
    <subfield code="r">2023-06-19 00:00:00</subfield>
    <subfield code="t">2</subfield>
    <subfield code="w">2023-06-19</subfield>
    <subfield code="y">BK</subfield>
  </datafield>
  <datafield tag="952" ind1=" " ind2=" ">
    <subfield code="0">0</subfield>
    <subfield code="1">0</subfield>
    <subfield code="2">lcc</subfield>
    <subfield code="4">0</subfield>
    <subfield code="7">0</subfield>
    <subfield code="a">WIUC-1</subfield>
    <subfield code="b">WIUC-1</subfield>
    <subfield code="c">GEN</subfield>
    <subfield code="d">2023-06-19</subfield>
    <subfield code="l">0</subfield>
    <subfield code="o">HF5415.13.W662</subfield>
    <subfield code="p">9329/030/23</subfield>
    <subfield code="r">2023-06-19 00:00:00</subfield>
    <subfield code="t">3</subfield>
    <subfield code="w">2023-06-19</subfield>
    <subfield code="y">BK</subfield>
  </datafield>
</record>
